[Event "WchT Blitz Pool B"]
[Site "London"]
[Date "2025.06.14"]
[Round "11.5"]
[White "Ciocan, Maria Alexandra"]
[Black "Injac, Teodora"]
[Result "0-1"]
[WhiteElo "1998"]
[BlackElo "2457"]
[PlyCount "86"]
[EventDate "2025.06.14"]
[EventType "team-tourn"]
[EventRounds "13"]
[EventCountry "ENG"]
[SourceTitle "CB25_2025"]
[SourceDate "2025.06.18"]
[SourceVersion "1"]
[SourceVersionDate "2025.06.18"]
[SourceQuality "1"]
[WhiteTeam "Hammersmith"]
[BlackTeam "Freedom"]
[WhiteTeamCountry "ENG"]
[BlackTeamCountry "IND"]

1. e4 e5 2. Nf3 Nc6 3. Bc4 Bc5 4. c3 Nf6 5. d3 d6 6. Bb3 h6 7. h3 a6 8. Nbd2 0-0 9. Nf1 Ba7 10. Ng3 Re8 11. 0-0 Be6 12. Qe2 Qd7 13. Nh4 Ne7 14. Be3 d5 15. Bxa7 Rxa7 16. Bc2 Raa8 17. a3 Rad8 18. Rad1 c5 19. Nh5 Nxh5 20. Qxh5 Qd6 21. Rfe1 f6 22. Qe2 b5 23. d4 exd4 24. cxd4 Qf4 25. g3 Qc7 26. e5 fxe5 27. dxe5 c4 28. Kh2 Qd7 29. g4 Qc6 30. Bb1 d4 31. Qe4 Qxe4 32. Rxe4 d3 33. b3 Bd5 34. Re3 Nc6 35. f4 Nd4 36. Bxd3 cxd3 37. Rexd3 Bxb3 38. R1d2 Ne6 39. f5 Rxd3 40. Rxd3 Nc5 41. Rc3 Rxe5 42. Ng6 Re2+ 43. Kg3 Ne4+ 0-1

[Event "WchT Blitz Pool B"]
[Site "London"]
[Date "2025.06.14"]
[Round "9.5"]
[White "Efroimski, Marsel"]
[Black "Injac, Teodora"]
[Result "1/2-1/2"]
[WhiteElo "2372"]
[BlackElo "2457"]
[PlyCount "113"]
[EventDate "2025.06.14"]
[EventType "team-tourn"]
[EventRounds "13"]
[EventCountry "ENG"]
[SourceTitle "CB25_2025"]
[SourceDate "2025.06.18"]
[SourceVersion "1"]
[SourceVersionDate "2025.06.18"]
[SourceQuality "1"]
[WhiteTeam "Rishon LeZion"]
[BlackTeam "Freedom"]
[WhiteTeamCountry "ISR"]
[BlackTeamCountry "IND"]

1. e4 e5 2. Nf3 Nc6 3. Bb5 a6 4. Ba4 d6 5. Nc3 Nf6 6. Bxc6+ bxc6 7. d4 exd4 8. Nxd4 c5 9. Nc6 Qd7 10. Na5 Be7 11. 0-0 0-0 12. Re1 Bd8 13. Bf4 Qg4 14. Qxg4 Bxg4 15. Nc6 Nh5 16. Bd2 Bd7 17. Nxd8 Rfxd8 18. Nd5 c6 19. Nb6 Rab8 20. Nxd7 Rxd7 21. Bc3 Nf4 22. g3 Ne6 23. b3 Nd4 24. Bxd4 cxd4 25. Rad1 c5 26. e5 Kf8 27. exd6 Rxd6 28. Re5 Rc8 29. c3 f6 30. Re2 Rcd8 31. cxd4 cxd4 32. Rd3 Kf7 33. Kf1 h5 34. f4 Rd5 35. Rc2 Kg6 36. Kf2 Kf5 37. Kf3 Re8 38. Rc4 Red8 39. h3 a5 40. g4+ hxg4+ 41. hxg4+ Kg6 42. Ke4 R5d7 43. Rcxd4 Re8+ 44. Kf3 Rc7 45. Rd5 Rc2 46. Rd2 Rc3+ 47. R5d3 Rc1 48. f5+ Kg5 49. Rd7 Rc3+ 50. Kg2 Kxg4 51. Rxg7+ Kxf5 52. Rgd7 Rce3 53. R7d5+ R8e5 54. Kf2 R3e4 55. Rxe5+ Rxe5 56. Kf3 Rc5 57. Rd3 1/2-1/2

[Event "WchT Blitz Pool B"]
[Site "London"]
[Date "2025.06.14"]
[Round "1.5"]
[White "Injac, Teodora"]
[Black "Longson, Sarah N"]
[Result "1-0"]
[WhiteElo "2457"]
[BlackElo "1941"]
[PlyCount "103"]
[EventDate "2025.06.14"]
[EventType "team-tourn"]
[EventRounds "13"]
[EventCountry "ENG"]
[SourceTitle "CB25_2025"]
[SourceDate "2025.06.18"]
[SourceVersion "1"]
[SourceVersionDate "2025.06.18"]
[SourceQuality "1"]
[WhiteTeam "Freedom"]
[BlackTeam "UK Challenge Masters"]
[WhiteTeamCountry "IND"]
[BlackTeamCountry "ENG"]

1. d4 d5 2. Nf3 Nf6 3. Bf4 c5 4. e3 Nc6 5. Nbd2 Qb6 6. dxc5 Qxb2 7. Rb1 Qc3 8. Bb5 g6 9. 0-0 Bg7 10. Nb3 0-0 11. Qd3 Qxd3 12. cxd3 a5 13. Bxc6 bxc6 14. h3 Nd7 15. d4 a4 16. Nbd2 Ba6 17. Rfc1 f6 18. Rb4 Bb5 19. Nb1 e5 20. Bg3 Rfb8 21. Nc3 Bc4 22. Rcb1 Rxb4 23. Rxb4 a3 24. Nd2 Bd3 25. Rb7 Nb8 26. Rb3 Na6 27. Nxd5 cxd5 28. Rxd3 Nb4 29. Rb3 Nxa2 30. Nb1 exd4 31. exd4 f5 32. Rxa3 Rxa3 33. Nxa3 Bxd4 34. c6 Bb6 35. Nb5 d4 36. c7 Bxc7 37. Bxc7 d3 38. Bf4 Kf7 39. Kf1 Ke6 40. Ke1 Kd5 41. Kd2 Ke4 42. Bh6 Nb4 43. Nc3+ Kd4 44. Bg7+ Kc4 45. Nd1 Nd5 46. Nb2+ Kc5 47. Nxd3+ Kc4 48. Ne5+ Kc5 49. Nd7+ Kd6 50. Nf6 h5 51. Nxd5 Kxd5 52. Ke3 1-0

[Event "WchT Blitz Pool B"]
[Site "London"]
[Date "2025.06.14"]
[Round "2.5"]
[White "Quickpen, Deborah Ebimobo"]
[Black "Injac, Teodora"]
[Result "0-1"]
[WhiteElo "2081"]
[BlackElo "2457"]
[PlyCount "86"]
[EventDate "2025.06.14"]
[EventType "team-tourn"]
[EventRounds "13"]
[EventCountry "ENG"]
[SourceTitle "CB25_2025"]
[SourceDate "2025.06.18"]
[SourceVersion "1"]
[SourceVersionDate "2025.06.18"]
[SourceQuality "1"]
[WhiteTeam "Mother Continent"]
[BlackTeam "Freedom"]
[WhiteTeamCountry "RSA"]
[BlackTeamCountry "IND"]

1. Nf3 Nf6 2. c4 g6 3. Nc3 Bg7 4. d4 d6 5. e4 0-0 6. Be2 Na6 7. 0-0 e5 8. d5 Nc5 9. Qc2 a5 10. Be3 Ng4 11. Bxc5 dxc5 12. h3 Nh6 13. Rad1 f6 14. d6 cxd6 15. Nb5 Nf7 16. Rd3 f5 17. Rdd1 Qe7 18. a4 Ra6 19. Rd2 Bh6 20. Rdd1 Nd8 21. Qd3 Rf6 22. Qc3 Nc6 23. Qd3 Nd4 24. Nc3 Be6 25. Nxd4 exd4 26. Nd5 Bxd5 27. exd5 Rf8 28. Rfe1 Re8 29. b3 Rb6 30. Qc2 Rb4 31. Kf1 Qc7 32. Bd3 Rxe1+ 33. Rxe1 Qb6 34. Re8+ Bf8 35. Qe2 Qc7 36. Qe6+ Qf7 37. Qc8 Rxb3 38. Ke2 Ra3 39. Qd8 Kg7 40. Qxa5 Qxe8+ 41. Kd2 Qxa4 42. Qc7+ Kg8 43. Qd8 Qa5+ 0-1

[Event "Sharjah Masters-A 8th"]
[Site "Sharjah"]
[Date "2025.05.18"]
[Round "2"]
[White "Injac, Teodora"]
[Black "Vakhidov, Jahongir"]
[Result "0-1"]
[WhiteElo "2474"]
[BlackElo "2546"]
[PlyCount "55"]
[EventDate "2025.05.17"]
[EventType "swiss"]
[EventRounds "9"]
[EventCountry "UAE"]
[SourceTitle "CB22_2025"]
[SourceDate "2025.05.28"]
[SourceVersion "1"]
[SourceVersionDate "2025.05.28"]
[SourceQuality "1"]

1. d4 Nf6 2. Nf3 d5 3. Bf4 e6 4. e3 c5 5. Nbd2 Qb6 6. Rb1 Bd7 7. c3 cxd4 8. exd4 Bb5 9. Bxb5+ Qxb5 10. a4 Qa6 11. b4 Nbd7 12. h3 Be7 13. b5 Qa5 14. 0-0 Rc8 15. Rc1 Nb6 16. Ne5 Qxa4 17. Qe2 a6 18. Ra1 Qxb5 19. Qf3 a5 20. Rfb1 Qa6 21. Qd3 Qxd3 22. Nxd3 Rxc3 23. Rxb6 Rxd3 24. Rxa5 0-0 25. Rxb7 Nh5 26. Be3 Bd6 27. Rd7 Bf4 28. Nf3 0-1

[Event "EU-ch (Women) 25th"]
[Site "Rhodes"]
[Date "2025.03.31"]
[Round "1"]
[White "Kirtadze, Anastasia"]
[Black "Injac, Teodora"]
[Result "1-0"]
[WhiteElo "2153"]
[BlackElo "2455"]
[PlyCount "105"]
[EventDate "2025.03.31"]
[EventType "swiss"]
[EventRounds "11"]
[EventCountry "GRE"]
[SourceTitle "CB16_2025"]
[SourceDate "2025.04.16"]
[SourceVersion "1"]
[SourceVersionDate "2025.04.16"]
[SourceQuality "1"]

1. e4 e5 2. Nf3 Nc6 3. Bb5 a6 4. Ba4 d6 5. c4 Bg4 6. h3 Bxf3 7. Bxc6+ bxc6 8. Qxf3 Nf6 9. Nc3 Nd7 10. d3 Nc5 11. Bd2 Be7 12. 0-0-0 0-0 13. g4 Bh4 14. Be3 Ne6 15. Ne2 c5 16. Qg2 Rb8 17. Ng3 Bxg3 18. fxg3 c6 19. Bd2 a5 20. h4 a4 21. Bc3 Rb7 22. Rhf1 Qb6 23. g5 Rfb8 24. Rf2 Nd4 25. Bxd4 cxd4 26. Rc2 Qd8 27. Rf1 Qa5 28. h5 Qd8 29. Rf5 Qd7 30. g4 Rb4 31. Rcf2 Qb7 32. h6 a3 33. Rxf7 axb2+ 34. Kb1 Qa6 35. Qf1 Qxa2+ 36. Kxa2 Ra4+ 37. Kb1 Ra1+ 38. Kc2 b1Q+ 39. Qxb1 Raxb1 40. Rxg7+ Kh8 41. Rf8+ Rxf8 42. Kxb1 Rf4 43. Re7 Kg8 44. c5 dxc5 45. Rxe5 Rxg4 46. Rxc5 Kf7 47. Kc2 Rg3 48. Rxc6 Ke7 49. Rc7+ Kd6 50. Rxh7 Rxg5 51. Kb3 Rc5 52. Rh8 Rh5 53. h7 1-0

[Event "Wroclaw POL-ROW (Women)"]
[Site "Wroclaw"]
[Date "2025.03.11"]
[Round "2.1"]
[White "Injac, Teodora"]
[Black "Kulon, Klaudia"]
[Result "0-1"]
[WhiteElo "2454"]
[BlackElo "2401"]
[PlyCount "68"]
[EventDate "2025.03.10"]
[EventType "schev"]
[EventRounds "5"]
[EventCountry "POL"]
[SourceTitle "CB12_2025"]
[SourceDate "2025.03.19"]
[SourceVersion "1"]
[SourceVersionDate "2025.03.19"]
[SourceQuality "1"]
[WhiteTeam "World"]
[BlackTeam "Poland"]
[BlackTeamCountry "POL"]

1. c4 Nf6 2. Nc3 e6 3. e4 d5 4. cxd5 exd5 5. e5 Ne4 6. Nf3 Nc6 7. Be2 Bf5 8. d4 Bb4 9. Bd2 Nxd2 10. Qxd2 Na5 11. 0-0 0-0 12. Rad1 c6 13. Qf4 Bg6 14. Nh4 Bxc3 15. bxc3 b5 16. Qg3 Nc4 17. Nxg6 fxg6 18. f4 Rb8 19. Bg4 Qe7 20. Qh3 b4 21. Rd3 h6 22. Be6+ Kh8 23. cxb4 Rxb4 24. Rg3 Kh7 25. f5 Nd2 26. Re1 Rxd4 27. Rxg6 Re4 28. Rxe4 Nxe4 29. Qe3 Qc5 30. Qxc5 Nxc5 31. g4 Nd3 32. Bd7 Nxe5 33. Rd6 Rd8 34. f6 Rxd7 0-1

[Event "Wroclaw POL-ROW (Women)"]
[Site "Wroclaw"]
[Date "2025.03.10"]
[Round "1.4"]
[White "Zawadzka, Jolanta"]
[Black "Injac, Teodora"]
[Result "0-1"]
[WhiteElo "2326"]
[BlackElo "2454"]
[PlyCount "100"]
[EventDate "2025.03.10"]
[EventType "schev"]
[EventRounds "5"]
[EventCountry "POL"]
[SourceTitle "CB12_2025"]
[SourceDate "2025.03.19"]
[SourceVersion "1"]
[SourceVersionDate "2025.03.19"]
[SourceQuality "1"]
[WhiteTeam "Poland"]
[BlackTeam "World"]
[WhiteTeamCountry "POL"]

1. e4 c6 2. d4 d5 3. Nd2 dxe4 4. Nxe4 Nf6 5. Nxf6+ exf6 6. c3 Bd6 7. Bd3 0-0 8. Ne2 c5 9. Be3 Qc7 10. Qc2 g6 11. dxc5 Bxc5 12. Bxc5 Qxc5 13. 0-0 Nc6 14. Rad1 Re8 15. Rd2 Kg7 16. Be4 Qe7 17. Bxc6 bxc6 18. h3 Qe5 19. Nd4 Qg5 20. Nf3 Qf4 21. Rd4 Qc7 22. Rfd1 Bf5 23. Qd2 c5 24. Rd6 Re4 25. c4 Rae8 26. Qc3 R4e6 27. Rd7 Re1+ 28. Nxe1 Bxd7 29. Nc2 Bc6 30. Ne3 h5 31. a3 a5 32. Nd5 Qd8 33. Rd3 a4 34. Qd2 Bxd5 35. cxd5 Qd6 36. Qa5 Re2 37. Rd1 Re4 38. Qc3 h4 39. b3 axb3 40. Qxb3 Qe5 41. a4 c4 42. Qb1 Re2 43. d6 Qc5 44. Rf1 Qxd6 45. Qb5 Qd4 46. a5 Ra2 47. a6 c3 48. Qc6 c2 49. Kh2 Qd1 50. Qc4 Ra1 0-1

[Event "Titled Tuesday intern op 04th Feb Early"]
[Site "Chess.com INT"]
[Date "2025.02.04"]
[Round "8"]
[White "Sargissyan, Sargis"]
[Black "Injac, Teodora"]
[Result "1-0"]
[WhiteElo "2267"]
[BlackElo "2454"]
[PlyCount "105"]
[EventDate "2025.02.04"]
[EventType "swiss (blitz)"]
[EventRounds "11"]
[EventCountry "USA"]
[SourceTitle "CB07_2025"]
[SourceDate "2025.02.12"]
[SourceVersion "1"]
[SourceVersionDate "2025.02.12"]
[SourceQuality "1"]

1. e4 g6 2. d4 Bg7 3. Nc3 d6 4. f4 a6 5. Nf3 Bg4 6. Be3 c5 7. dxc5 Qa5 8. Bd4 Bxf3 9. gxf3 Bxd4 10. Qxd4 Nf6 11. cxd6 Nc6 12. Qd2 exd6 13. Qxd6 Qd8 14. 0-0-0 Qxd6 15. Rxd6 Nh5 16. Nd5 0-0 17. Bh3 Rad8 18. Rxd8 Rxd8 19. Rd1 Kf8 20. Bg4 Ng7 21. Nf6 Rxd1+ 22. Kxd1 h5 23. Bc8 Nd8 24. Kd2 Nge6 25. Ke3 Ke7 26. Nd5+ Kd6 27. Bxe6 fxe6 28. Nb4 a5 29. Nd3 Nc6 30. c4 b6 31. b3 h4 32. a3 Ne7 33. Ne5 Kc5 34. Nd3+ Kd6 35. b4 axb4 36. axb4 Kc6 37. Ne5+ Kd6 38. Kd4 h3 39. c5+ bxc5+ 40. bxc5+ Kc7 41. Kc4 Kb7 42. Kb5 Kc7 43. c6 Nc8 44. Kc5 Ne7 45. Kb5 Nc8 46. Nc4 Na7+ 47. Kc5 Nxc6 48. Ne5 Ne7 49. Kb5 Kb7 50. Kc5 Kc7 51. Nf7 Nc6 52. Ng5 Kd7 53. Nxe6 1-0

[Event "BL 2425 (Women)"]
[Site "Germany"]
[Date "2025.01.26"]
[Round "4.5"]
[White "Schoene, Maria"]
[Black "Injac, Teodora"]
[Result "0-1"]
[WhiteElo "2158"]
[BlackElo "2429"]
[PlyCount "76"]
[EventDate "2024.11.16"]
[EventType "team-tourn"]
[EventRounds "11"]
[EventCountry "GER"]
[SourceTitle "CB14_2025"]
[SourceDate "2024.11.01"]
[SourceVersion "1"]
[SourceVersionDate "2024.11.01"]
[SourceQuality "1"]
[WhiteTeam "Rodewisch (W)"]
[BlackTeam "Baden-Baden (W)"]
[WhiteTeamCountry "GER"]
[BlackTeamCountry "GER"]

1. e4 e5 2. Nf3 Nc6 3. Bb5 a6 4. Ba4 d6 5. 0-0 Bd7 6. d4 Nf6 7. Bxc6 Bxc6 8. Re1 Be7 9. Nc3 exd4 10. Nxd4 Bd7 11. h3 0-0 12. Qf3 b5 13. a3 Re8 14. Nf5 Bxf5 15. Qxf5 c6 16. Bg5 g6 17. Qf3 Nd7 18. Bxe7 Qxe7 19. Rad1 Rad8 20. Qg3 Nc5 21. f4 a5 22. e5 d5 23. f5 b4 24. f6 Qc7 25. axb4 axb4 26. Na2 Ne4 27. Qf4 g5 28. Qe3 c5 29. h4 h6 30. hxg5 hxg5 31. c4 Qxe5 32. cxd5 Rxd5 33. Rxd5 Qxd5 34. Qf3 Qxa2 35. Qh5 Qd5 36. Rd1 Nxf6 37. Rxd5 Nxh5 38. Rxg5+ Ng7 0-1

[Event "Titled Tuesday intern op 21st Jan Late"]
[Site "Chess.com INT"]
[Date "2025.01.21"]
[Round "8"]
[White "Injac, Teodora"]
[Black "Filgueiras, Nathan Felipe"]
[Result "1-0"]
[WhiteElo "2453"]
[BlackElo "2293"]
[PlyCount "53"]
[EventDate "2025.01.21"]
[EventType "swiss (blitz)"]
[EventRounds "11"]
[EventCountry "USA"]
[SourceTitle "CB05_2025"]
[SourceDate "2025.01.29"]
[SourceVersion "1"]
[SourceVersionDate "2025.01.29"]
[SourceQuality "1"]

1. d4 Nf6 2. Bg5 e6 3. Nf3 c5 4. e3 Nc6 5. Nbd2 d5 6. c3 Be7 7. Bd3 b6 8. h4 h6 9. Bf4 Bb7 10. Ne5 Nxe5 11. dxe5 Nd7 12. Qg4 Bf8 13. c4 Qe7 14. a4 a5 15. 0-0 0-0-0 16. cxd5 exd5 17. Bb5 g6 18. Rfd1 Bg7 19. Nc4 dxc4 20. Rd6 h5 21. Qh3 Be4 22. Rad1 Bf5 23. Qf3 Nb8 24. Qa8 Rxd6 25. Ba6+ Kd8 26. Rxd6+ Bd7 27. Qxb8# 1-0

[Event "Titled Tuesday intern op 21st Jan Late"]
[Site "Chess.com INT"]
[Date "2025.01.21"]
[Round "2"]
[White "Kahre, Kim"]
[Black "Injac, Teodora"]
[Result "0-1"]
[WhiteElo "2069"]
[BlackElo "2453"]
[PlyCount "82"]
[EventDate "2025.01.21"]
[EventType "swiss (blitz)"]
[EventRounds "11"]
[EventCountry "USA"]
[SourceTitle "CB05_2025"]
[SourceDate "2025.01.29"]
[SourceVersion "1"]
[SourceVersionDate "2025.01.29"]
[SourceQuality "1"]

1. e4 e6 2. Nc3 d5 3. d4 Nf6 4. Bg5 Bb4 5. Nge2 h6 6. Bxf6 Qxf6 7. a3 Bxc3+ 8. Nxc3 dxe4 9. Nxe4 Qd8 10. Be2 0-0 11. 0-0 Nd7 12. Bf3 Nf6 13. Nc5 Rb8 14. c3 b6 15. Nd3 Ba6 16. Re1 Bxd3 17. Qxd3 c5 18. Rad1 Qc7 19. Qc4 Rfc8 20. Qa6 b5 21. h3 g5 22. dxc5 Qxc5 23. Rd4 Kg7 24. Red1 Rc7 25. h4 Rb6 26. Qa5 e5 27. R4d2 e4 28. Be2 e3 29. Rd4 exf2+ 30. Kxf2 Re7 31. Bf3 Qe5 32. Kg1 Qe3+ 33. Kh2 Ne4 34. Qb4 Qf4+ 35. Kg1 Qe3+ 36. Kh2 Qf4+ 37. Kg1 Rbe6 38. Bxe4 Rxe4 39. Rxe4 Rxe4 40. Qxb5 Qe3+ 41. Kf1 Rf4# 0-1

[Event "Titled Tuesday intern op 14th Jan Early"]
[Site "Chess.com INT"]
[Date "2025.01.14"]
[Round "9"]
[White "Da Silva, Lucas Pereira Mende"]
[Black "Injac, Teodora"]
[Result "1-0"]
[WhiteElo "2089"]
[BlackElo "2453"]
[PlyCount "57"]
[EventDate "2025.01.14"]
[EventType "swiss (blitz)"]
[EventRounds "11"]
[EventCountry "USA"]
[SourceTitle "CB04_2025"]
[SourceDate "2025.01.22"]
[SourceVersion "1"]
[SourceVersionDate "2025.01.22"]
[SourceQuality "1"]

1. e4 e6 2. d4 d5 3. Nc3 Nf6 4. e5 Nfd7 5. f4 c5 6. Nf3 Nc6 7. Be3 Be7 8. Qd2 0-0 9. Qf2 b6 10. 0-0-0 c4 11. g4 b5 12. f5 b4 13. Ne2 c3 14. b3 a5 15. Kb1 a4 16. Nc1 axb3 17. cxb3 Nb6 18. h4 exf5 19. Bd3 fxg4 20. Ng5 h6 21. Nh7 Re8 22. Rdf1 Be6 23. Ng5 hxg5 24. hxg5 Bxg5 25. Qh2 Bh4 26. Rf6 Kf8 27. Qxh4 Ke7 28. Rxf7+ Kxf7 29. Rf1+ 1-0

[Event "Titled Tuesday intern op 14th Jan Early"]
[Site "Chess.com INT"]
[Date "2025.01.14"]
[Round "5"]
[White "Injac, Teodora"]
[Black "Molina, Roberto Junio Brito"]
[Result "1-0"]
[WhiteElo "2453"]
[BlackElo "2385"]
[PlyCount "65"]
[EventDate "2025.01.14"]
[EventType "swiss (blitz)"]
[EventRounds "11"]
[EventCountry "USA"]
[SourceTitle "CB04_2025"]
[SourceDate "2025.01.22"]
[SourceVersion "1"]
[SourceVersionDate "2025.01.22"]
[SourceQuality "1"]

1. d4 d5 2. c4 c6 3. Nf3 Nf6 4. Nbd2 Bf5 5. Nh4 Be6 6. e3 g6 7. Be2 Bg7 8. 0-0 0-0 9. Nhf3 Bf5 10. b3 Nbd7 11. Bb2 Rc8 12. Rc1 Qa5 13. a3 Rfd8 14. b4 Qb6 15. c5 Qc7 16. a4 Ne4 17. Nxe4 Bxe4 18. Ng5 Bf5 19. g4 Be6 20. Nxe6 fxe6 21. f4 g5 22. fxg5 Rf8 23. Bd3 e5 24. Bf5 e4 25. Qe1 h6 26. Qh4 Kh8 27. Qh5 Rg8 28. Rc2 Rcd8 29. Rg2 Nf8 30. gxh6 Bf6 31. g5 e6 32. Bh3 Be7 33. Rf7 1-0

[Event "Titled Tuesday intern op 14th Jan Early"]
[Site "Chess.com INT"]
[Date "2025.01.14"]
[Round "2"]
[White "Injac, Teodora"]
[Black "Pavlidou, Ekaterini"]
[Result "1-0"]
[WhiteElo "2453"]
[BlackElo "2160"]
[PlyCount "123"]
[EventDate "2025.01.14"]
[EventType "swiss (blitz)"]
[EventRounds "11"]
[EventCountry "USA"]
[SourceTitle "CB04_2025"]
[SourceDate "2025.01.22"]
[SourceVersion "1"]
[SourceVersionDate "2025.01.22"]
[SourceQuality "1"]

1. Nf3 c5 2. g3 Nc6 3. Bg2 g6 4. c4 e5 5. Nc3 d6 6. 0-0 Bg7 7. Ne1 Nge7 8. Nc2 Be6 9. Ne3 0-0 10. a3 a5 11. d3 h6 12. Rb1 f5 13. Ned5 g5 14. b4 axb4 15. axb4 cxb4 16. Nxb4 e4 17. Ncd5 Ne5 18. Be3 Nc8 19. dxe4 Nxc4 20. Bd4 Ne5 21. Rc1 f4 22. Nc7 Bg4 23. Bxe5 Bxe5 24. Nxa8 Qa5 25. Qd5+ Qxd5 26. Nxd5 Bxe2 27. Rfe1 Bg4 28. h3 Bd7 29. g4 f3 30. Bf1 Bc6 31. Nb4 Na7 32. Nb6 Bd4 33. N6d5 Bc5 34. Bc4 Kg7 35. Nxc6 bxc6 36. Ne7 d5 37. Nf5+ Kf6 38. Bxd5 cxd5 39. Rxc5 dxe4 40. Rxe4 Rd8 41. Kh2 Rd2 42. Kg3 h5 43. Kxf3 Rd3+ 44. Re3 Rd7 45. Rcc3 hxg4+ 46. hxg4 Nb5 47. Rcd3 Ra7 48. Rd5 Ra5 49. Rb3 Ra4 50. Rbxb5 Rf4+ 51. Ke2 Re4+ 52. Ne3 Re6 53. Rf5+ Ke7 54. Rbe5 Rxe5 55. Rxe5+ Kf6 56. Rf5+ Kg6 57. Kd3 Kh6 58. Kd4 Kh7 59. Rxg5 Kh6 60. Rf5 Kg6 61. f4 Kg7 62. Ke5 1-0

[Event "Titled Tuesday intern op 14th Jan Early"]
[Site "Chess.com INT"]
[Date "2025.01.14"]
[Round "10"]
[White "Injac, Teodora"]
[Black "Yonal, Timur"]
[Result "1-0"]
[WhiteElo "2453"]
[BlackElo "2194"]
[PlyCount "47"]
[EventDate "2025.01.14"]
[EventType "swiss (blitz)"]
[EventRounds "11"]
[EventCountry "USA"]
[SourceTitle "CB04_2025"]
[SourceDate "2025.01.22"]
[SourceVersion "1"]
[SourceVersionDate "2025.01.22"]
[SourceQuality "1"]

1. Nf3 Nf6 2. g3 g6 3. Bg2 Bg7 4. 0-0 0-0 5. d4 d5 6. c3 c6 7. Nbd2 Nbd7 8. Re1 Re8 9. e4 dxe4 10. Nxe4 Nxe4 11. Rxe4 e5 12. Bg5 f6 13. Bd2 exd4 14. Qb3+ Kh8 15. Rxe8+ Qxe8 16. Re1 Qg8 17. Nxd4 Ne5 18. f4 Nc4 19. Bc1 Bf5 20. Nxf5 gxf5 21. Qxb7 Re8 22. Rxe8 Qxe8 23. Qxc6 Qe1+ 24. Bf1 1-0

[Event "EU-ch rapid (Women)"]
[Site "Monaco"]
[Date "2025.01.12"]
[Round "11"]
[White "Injac, Teodora"]
[Black "Gvetadze, Sofio"]
[Result "1-0"]
[WhiteElo "2453"]
[BlackElo "2298"]
[PlyCount "201"]
[EventDate "2025.01.11"]
[EventType "swiss (rapid)"]
[EventRounds "11"]
[EventCountry "MNC"]
[SourceTitle "CB03_2025"]
[SourceDate "2025.01.15"]
[SourceVersion "1"]
[SourceVersionDate "2025.01.15"]
[SourceQuality "1"]

1. d4 Nf6 2. Nf3 g6 3. c4 c5 4. Nc3 cxd4 5. Nxd4 Nc6 6. e4 d6 7. Be2 Bg7 8. Be3 0-0 9. 0-0 Bd7 10. Qd2 Nxd4 11. Bxd4 Bc6 12. f3 a5 13. b3 Nd7 14. Be3 Be5 15. Rad1 Nc5 16. Nb5 b6 17. Qe1 Bg7 18. Qh4 Bd7 19. Bg5 f6 20. Be3 Rc8 21. Rd2 Qe8 22. Rfd1 Qf7 23. Nc3 Bc6 24. Nd5 Bxd5 25. Rxd5 Rc7 26. Bd3 Rb8 27. Bc2 Bf8 28. Qg3 Kh8 29. h4 Bg7 30. h5 g5 31. Qh3 Bh6 32. Qg4 Nd7 33. Rb5 Ne5 34. Qf5 Rcb7 35. a4 Qxh5 36. c5 dxc5 37. Bxc5 Qg6 38. Bd4 Nc6 39. Bc3 g4 40. Qxg6 hxg6 41. Kf2 gxf3 42. gxf3 Bf4 43. Bd3 Rd8 44. Rd5 Rxd5 45. exd5 Nb4 46. Bxg6 Rc7 47. Bd4 Nxd5 48. Be4 Nc3 49. Rh1+ Kg8 50. Bf5 b5 51. Bb6 Rc6 52. Bxa5 bxa4 53. bxa4 Nxa4 54. Rh4 e5 55. Be4 Rd6 56. Rh1 Nc5 57. Bf5 Ra6 58. Bb4 Ra2+ 59. Kf1 Ra1+ 60. Kg2 Rxh1 61. Kxh1 Nb3 62. Be6+ Kg7 63. Bxb3 Kg6 64. Bc2+ Kf7 65. Bf5 Be3 66. Kg2 Bf4 67. Kh3 Be3 68. Kg4 Bf4 69. Bd3 Be3 70. Kf5 Bg5 71. Bd6 Bh4 72. Be4 Kg7 73. Be7 Bg5 74. Bd8 Bh4 75. Bd5 Bg5 76. Ke6 Bh4 77. Be4 Bg5 78. Bf5 Bh4 79. Ke7 Bg5 80. Ke8 Bh4 81. Be7 Kh6 82. Kf7 Kg5 83. Be4 Kf4 84. Bxf6 Be1 85. Kg6 Bc3 86. Bg5+ Kg3 87. Kf5 Kf2 88. Bf6 Bd2 89. Bxe5 Bh6 90. Bf4 Bf8 91. Ke6 Bb4 92. Bc1 Kg3 93. f4 Kg4 94. f5 Bc3 95. Ba3 Kg5 96. Bd6 Kh6 97. Be5 Bb4 98. f6 Bf8 99. Bd6 Bg7 100. Bf4+ Kh5 101. fxg7 1-0